Name an Oasis Song A-Z - Statistics

General Stats
  • This quiz has been taken 2,237 times
  • The average score is 12 of 18
Answer Stats
Letter Song % Correct
D D'You Know What I Mean? | Digsy's Dinner | Don't Go Away | Don't Look Back in Anger
93%
C Cast No Shadow | Champagne Supernova | Cigarettes & Alcohol | Columbia
90%
S Shakermaker | She Is Love | She's Electric | The Shock of the Lightning | Slide Away | Soldier On | Some Might Say | Songbird | Stand by Me | Stay Young | Stop Crying Your Heart Out | Sunday Morning Call | Supersonic | The Swamp Song
90%
W Waiting for the Rapture | Whatever | Where Did It All Go Wrong? | Who Feels Love? | Wonderwall
90%
L Let There Be Love | Listen Up | Little by Little | Little James | Live Forever | Love Like a Bomb | Lyla
86%
M Magic Pie | Married with Children | The Masterplan | The Meaning of Soul | Morning Glory | Mucky Fingers | My Big Mouth
82%
A Acquiesce | Ain't Got Nothin' | Alive | All Around the World | All Around the World (Reprise)
81%
H Half the World Away | Headshrinker | Hello | Hey Now! | The Hindu Times | Hung in a Bad Place
81%
R Rock 'n' Roll Star | Rockin' Chair | Roll It Over | Roll with It | Round Are Way
75%
B Bag It Up | Be Here Now | A Bell Will Ring | Better Man | Born on a Different Cloud | Bring It on Down
65%
F Fade Away | Fade In-Out | Falling Down | Force of Nature | F***in' in the Bushes
64%
I I Can See a Liar | I Hope, I Think, I Know | I'm Outta Time | Idler's Dream | The Importance of Being Idle | It's Gettin' Better (Man!!) | (It's Good) To Be Free
62%
G Gas Panic! | (Get Off Your) High Horse Lady | The Girl in the Dirty Shirt | Go Let It Out | Going Nowhere | Guess God Thinks I'm Abel
61%
U Underneath the Sky | Up in the Sky
47%
T Talk Tonight | To Be Where There's Life | Turn Up the Sun | The Turning
45%
P Part of the Queue | (Probably) All in the Mind | Put Yer Money Where Yer Mouth Is
22%
Q A Quick Peep
12%
N The Nature of Reality
9%
No matching quizzes found
Score Distribution
Percent of People with Each Score
Percentile by Number Answered
Your Score History
You have not taken this quiz